Jean-Etienne Liotard : Erkenntnisvermögen und künstlerischer Anspruch

Gespeichert in:
Bibliographische Detailangaben
VerfasserIn: Holleczek, Andreas (VerfasserIn)
Mitwirkende: Liotard, Jean-Étienne (IllustratorIn)
Dokumenttyp: Hochschulschrift Buch
Sprache:German
Veröffentlicht: Frankfurt am Main ; Berlin ; Bern ; Bruxelles ; New York ; Oxford ; Wien : Lang , 2002
Schriftenreihe:Europäische Hochschulschriften / 28 369
Schlagwörter:
Online Zugang:Rezension
Rezension
Rezension
Bibliogr. Hinweis:Rezensiert in: [Rezension von: Andreas Holleczek, Jean-Etienne Liotard]
Verantwortlich:Andreas Holleczek
LEADER 04039cam a2200817 c 4500
001 33781175X
003 DE-627
005 20260421133532.0
007 tu
008 011205s2002 gw ||||| m 00| ||ger c
015 |a 01,N51,0591  |2 dnb 
015 |a 02,A17,1309  |2 dnb 
016 7 |a 962739103  |2 DE-101 
020 |a 3631389191  |q kart. : ca. EUR 40.40 (freier Pr.)  |9 3-631-38919-1 
035 |a (DE-627)33781175X 
035 |a (DE-603)101859759 
035 |a (DE-576)098111256 
035 |a (DE-599)GBV33781175X 
035 |a (OCoLC)249193302 
035 |a (OCoLC)1078751957 
035 |a (OCoLC)50254426 
035 |a (OCoLC)248458934 
040 |a DE-627  |b ger  |c DE-627  |e rakwb 
041 |a ger 
044 |c XA-DE  |c XA-CH  |c XA-BE  |c XA-FR 
050 0 |a NC293.L53 
082 0 |a 741.092 
084 |a 46  |2 sdnb 
084 |a 9,10  |2 ssgn 
084 |a LI 54330  |2 rvk  |0 (DE-625)rvk/96507: 
084 |a 20.31  |2 bkl 
100 1 |a Holleczek, Andreas  |0 (DE-588)1057531456  |0 (DE-627)796025037  |0 (DE-576)413329429  |4 aut 
245 1 0 |a Jean-Etienne Liotard  |b Erkenntnisvermögen und künstlerischer Anspruch  |c Andreas Holleczek 
263 |a kart. : ca. EUR 40.40 (freier Pr.) 
264 1 |a Frankfurt am Main  |a Berlin  |a Bern  |a Bruxelles  |a New York  |a Oxford  |a Wien  |b Lang  |c 2002 
300 |a 260 S  |b Ill  |c 21 cm 
336 |a Text  |b txt  |2 rdacontent 
337 |a ohne Hilfsmittel zu benutzen  |b n  |2 rdamedia 
338 |a Band  |b nc  |2 rdacarrier 
490 1 |a Europäische Hochschulschriften  |a Reihe 28, Kunstgeschichte = Histoire de l'art = History of art  |v 369 
500 |a Quellen- und Literaturverz. S. 236 - 257 
502 |a Zugl.: Berlin, Freie Univ., Diss., 2000 
583 1 |a Archivierung/Langzeitarchivierung gewährleistet  |f SSG  |x XA-DE-BW  |2 pdager  |5 DE-16 
583 1 |a Archivierung prüfen  |c 20240324  |f DE-4165  |z 1  |2 pdager 
583 1 |a Archivierung/Langzeitarchivierung gewährleistet  |f SLG  |z Frankreichforschung  |2 pdager  |5 DE-77 
600 1 7 |0 (DE-588)118780115  |0 (DE-627)247941298  |0 (DE-576)170249360  |a Liotard, Jean-Étienne  |d 1702-1789  |2 gnd 
650 0 7 |0 (DE-588)4075923-4  |0 (DE-627)106084364  |0 (DE-576)209200154  |a Pastellmalerei  |2 gnd 
650 0 7 |0 (DE-588)4000626-8  |0 (DE-627)106400541  |0 (DE-576)208838821  |a Ästhetik  |2 gnd 
653 0 |a Liotard, Jean-Etienne  |a Criticism and interpretation 
655 7 |a Hochschulschrift  |0 (DE-588)4113937-9  |0 (DE-627)105825778  |0 (DE-576)209480580  |2 gnd-content 
689 0 0 |d p  |0 (DE-588)118780115  |0 (DE-627)247941298  |0 (DE-576)170249360  |a Liotard, Jean-Étienne  |d 1702-1789  |2 gnd 
689 0 |5 DE-101 
689 1 0 |d p  |0 (DE-588)118780115  |0 (DE-627)247941298  |0 (DE-576)170249360  |a Liotard, Jean-Étienne  |d 1702-1789  |2 gnd 
689 1 |5 (DE-627) 
700 1 |a Liotard, Jean-Étienne  |d 1702-1789  |e Ill.  |0 (DE-588)118780115  |0 (DE-627)247941298  |0 (DE-576)170249360  |4 ill 
751 |a Berlin  |0 (DE-588)4005728-8  |0 (DE-627)10482638X  |0 (DE-576)208862560  |4 uvp 
787 0 8 |i Rezensiert in  |a Denk, Claudia  |t [Rezension von: Andreas Holleczek, Jean-Etienne Liotard]  |d 2003  |w (DE-627)1920617728 
830 0 |a Europäische Hochschulschriften / 28  |v 369  |9 369  |w (DE-627)129403792  |w (DE-576)014785412  |w (DE-600)187019-1  |x 0721-3557  |7 am 
856 4 2 |u https://swbplus.bsz-bw.de/bsz098111256rez.htm  |m B:DE-576;DE-16  |q application/pdf  |v 20081106100155  |x Verlag  |3 Rezension  |7 1 
856 4 2 |u http://www.sehepunkte.de/2003/02/3039.html  |m V:DE-576;X:Sehepunkte  |q text/html  |v 20180424113608  |3 Rezension  |7 1 
856 4 2 |u http://scans.hebis.de/HEBCGI/show.pl?10185975_rez.pdf  |m V:DE-576;B:DE-16  |q application/pdf  |3 Rezension  |7 1 
935 |a MZFRA 
935 |i Blocktest 
936 r v |a LI 54330  |b Liotard, Jean-Etienne  |k Kunstgeschichte  |k Künstler-Monografien  |k Alphabetische Künstlerliste  |k Künstler L  |k Liotard, Jean-Etienne  |0 (DE-627)1271135191  |0 (DE-625)rvk/96507:  |0 (DE-576)201135191 
936 b k |a 20.31  |j Bildende Künstler  |0 (DE-627)181571080 
936 s n |a l300  |2 mzub 
951 |a BO 
990 |a Liotard, Jean-Étienne 
990 |a Liotard, Jean-Étienne 
991 |a Rezensiertes Werk 
999 |a KXP-PPN33781175X  |e 4955652654